1883 1996 1478 1838 1902 1009 1893 1090 1919 1081 1796 1796 1270 1421 1798 1071 1100 1332 1088 1531 1334 1744 1890 1183 1178 1427 1926 1472 1511 1755 1874 1989 1893 1553 1491 1972 1624 1053 1550 1322 1501 1703 1971 1623 1067 1791 1203 1917 1100 1077 1553 1418 1765 1690 1709 1043 1762 1636 1922 1214 1637 1931 1785 1937 1316 1477 1063 1046 1367 1143 1749 1284 1934 1242 1179 1844 1461 1656 1622 1130 1606 1808 1504 1497 1591 1947 1828 1851 1152 1616 1549 1146 1235 1256 1394 1796 1996 1669 1458 BCNSPRNW ULIB Ver.6.0+V

เปลี่ยนเป็นภาษาไทย

Change to English
 แสดงรายละเอียดบรรณานุกรม
  กลับหน้าหลัก

Brief Record : Get Marc (ISO 2709) : E-mail record : QR code < ปิดหน้าต่าง
LEADER : 00000nam 2200000uu 4500
001    13399124694
003     ULIB
008    160114s2008||||th 000 0 eng d
020    ^a9789743895715 (pbk.)
060 04 ^aWA546.1^bB619
245 00 ^aBirth of health assembly :^bcrystallization of learningtowards wellbeing /^ceditor Saisiri Danwattana
250    ^a1st ed.
260    ^aNonthaburi :^bNational Health Commission Office,^c2008
300    ^a193 p. :^bcol. ill. ;^c21 cm.
650  2 ^aHealth Care Coalitions^xorganization & administration
650  2 ^aCommunity Health Planning^xorganization & administration
650  2 ^aCommunity Health Services
650  2 ^aPublic Health
700 0  ^aSaisiri Danwattana,^eed.
710 2  ^aNational Health Commission Office
945    ^p0^l0^i000238
945    ^p0^l0^i000239
999    ^aเกษร โพธิ์สุวรรณ
รายการนี้ยังไม่มีแท็ก
คุณยังไม่ได้ล็อกอิน คุณสามารถมีกิจกรรมร่วมกับเว็บไซต์ได้ แต่ต้องล็อกอินก่อน ::
  ล็อกอิน

รายการสื่อสารสนเทศ

ลำดับที่ ประเภท เลขเรียก/บาร์โค้ด สถานที่ สถานะ
1. วิทยาศาสตร์การแพทย์ และสุขภาพ
วิทยาศาสตร์การแพทย์ และสุขภาพ
WA546.1 B619 ฉ.1 
  Barcode: 000238
ห้องสมุดวิทยาเขตสวรรค์ประชารักษ์
►หนังสือทั่วไป
บนชั้น
2. วิทยาศาสตร์การแพทย์ และสุขภาพ
วิทยาศาสตร์การแพทย์ และสุขภาพ
WA546.1 B619 ฉ.2 
  Barcode: 000239
ห้องสมุดวิทยาเขตสวรรค์ประชารักษ์
►หนังสือทั่วไป
บนชั้น

รายการใกล้เคียง
    หัวเรื่อง [Community Health Services]
    หัวเรื่อง [Public Health]

BibComment


ยังไม่เคยถูกคอมเมนท์

คอมเมนท์ทรัพยากรรายการนี้
  คอมเมนท์: Birth of health ..


 Copyright 2026. Bcnsprnw @Library